000 00644nam a2200229Ia 4500
003 OSt
005 20220923230747.0
006 a|||||r|||| 00| 0
007 ta
008 220922b |||||||| |||| 00| 0 pan d
024 _a305,345
037 _cTextual
040 _aARTS
_cARTS
_bpan
041 _2pan
_apan
082 _aQ8441:33, 153N3
100 _aਬਘੇਲ ਸਿੰਘ
245 0 _aਆਦ੍ਰਿFਟ ਅਕਾਲ ਪੁਰਖੁ ਦੇ ਪਰਤੱਖ ਦਰFਨ
260 _c1993
650 _aਧਰਮ
942 _hQ8441:33, 153N3
_cTEXL
_2CC
999 _c387147
_d387147